Modelovanie helmy s mechanickým otváraním a jej výroba pomocou aditívnej technológie

Salvato in:
Dettagli Bibliografici
Autore principale: Fašanga, Martin (Autore)
Altri autori: Milde, Ján (Relatore della tesi)
Natura: Manoscritto Libro
Lingua:slovacco
Pubblicazione: 2023
Soggetti:
Accesso online:http://is.stuba.sk/zp/portal_zp.pl?podrobnosti=167108
Tags: Aggiungi Tag
Nessun Tag, puoi essere il primo ad aggiungerne!!

MARC

LEADER 00000ntm a22000003a 4500
001 stuzp93102
003 SK-STU
005 20230909214021.6
007 ta
008 150427s2015----xo-----f-mn---000-0-slo-d
040 |a STU  |b slo 
041 0 |a slo 
100 1 |a Fašanga, Martin  |u 063000  |4 aut  |U MTF Materiálovotechnologická fakulta  |T MTF Ústav výrobných technológií  |X 111579  |U M3000  |Y 83  |7 111579 
242 0 1 |a Modeling of a helmet with mechanical opening and its production using additive technology  |y eng 
245 1 0 |a Modelovanie helmy s mechanickým otváraním a jej výroba pomocou aditívnej technológie 
260 |c 2023 
650 4 |a Aditívne technológie  |2 slo 
650 4 |a CAD  |2 slo 
650 4 |a FDM  |2 slo 
650 4 |a CAD  |2 eng 
650 4 |a Additive Technologies  |2 eng 
650 4 |a FDM  |2 eng 
700 1 |a Milde, Ján  |u 063200  |k Z1  |4 ths  |U MTF Ústav výrobných technológií  |T MTF Katedra obrábania a počítačovej podpory technológií  |X 56936  |U M3200  |Y 164  |7 A000056936 
856 4 |u http://is.stuba.sk/zp/portal_zp.pl?podrobnosti=167108 
996 |c M* BP-9548  |l MMSKP  |s P  |a 0  |w stuzp93102_0001